| 000 | 00774nam a2200253Ia 4500 | ||
|---|---|---|---|
| 008 | 160319s9999 xx 000 0 und d | ||
| 020 | _a9789719439202 | ||
| 050 | _a658.4 | ||
| 050 | _bC744g 2009 | ||
| 100 | _aConcepcion, Joey | ||
| 245 | _aNegosyo : | ||
| 245 | _bJoey Concepcion's 55 inspiring stories of women entrepreneurs | ||
| 245 | _cforeword by Tessie Sy-Coson and lessons learned from Vivienne Tan. | ||
| 260 | _aMandaluyong City, Philippines : | ||
| 260 | _b Philippine Center for Entrepreneurship, | ||
| 260 | _c2009 | ||
| 300 | _a237 pages : | ||
| 300 | _bcolor illustrations ; | ||
| 300 | _c24 cm | ||
| 650 | _aBusinesswomen -- Philippines -- | ||
| 650 | _aParenting -- Philippines. | ||
| 650 | _aPhilippines. | ||
| 650 | _xBiography. | ||
| 999 |
_c292156 _d292156 |
||